[Event "FRA-chT Top 16 GpB"]
[Site "Gonfreville"]
[Date "2006.03.30"]
[Round "4"]
[White "Buhmann, Rainer"]
[Black "Kotronias, Vasilios"]
[Result "1-0"]
[WhiteElo "2546"]
[BlackElo "2622"]
[PlyCount "79"]
[EventDate "2006.03.03"]
[EventType "team"]
[EventRounds "11"]
[EventCountry "FRA"]
[Source "ChessBase"]
[SourceDate "2006.05.09"]

1. Nf3 Nf6 2. c4 g6 3. Nc3 Bg7 4. e4 d6 5. d4 O-O 6. Be2 e5 7. O-O Na6 8. Re1
Qe8 9. Bf1 h6 10. Rb1 c6 11. b4 exd4 12. Nxd4 Ng4 13. h3 Qe5 14. Nf3 Qe7 15.
hxg4 Bxc3 16. Bxh6 Bxe1 17. Qxe1 Bxg4 18. Qc3 f6 19. Bxf8 Qxf8 20. c5 Bxf3 21.
Qxf3 Rd8 22. Qg3 g5 23. f4 d5 24. exd5 cxd5 25. fxg5 Qg7 26. c6 f5 27. Qf4 b5
28. Bxb5 Nc7 29. Bd3 Ne6 30. Qxf5 Nd4 31. Qf6 Nxc6 32. Qxg7+ Kxg7 33. Kf2 Ne5
34. Ke3 d4+ 35. Kd2 Rf8 36. Re1 Ng6 37. Re6 Nf4 38. Re7+ Rf7 39. Rxf7+ Kxf7 40.
Be4 1-0

[Event "CUB-ch KO 5th-8th"]
[Site "Santa Clara"]
[Date "2006.04.08"]
[Round "2.2"]
[White "Nogueiras, Jesus"]
[Black "Vera, Reynaldo"]
[Result "1/2-1/2"]
[WhiteElo "2556"]
[BlackElo "2516"]
[PlyCount "23"]
[EventDate "2006.04.04"]
[EventType "k.o."]
[EventRounds "3"]
[EventCountry "CUB"]
[Source "ChessBase"]
[SourceDate "2006.05.09"]

1. d4 Nf6 2. c4 g6 3. Nc3 Bg7 4. e4 O-O 5. Nf3 d6 6. Be2 e5 7. dxe5 dxe5 8.
Qxd8 Rxd8 9. Nd5 Nxd5 10. cxd5 a6 11. Bc4 b5 12. Bb3 1/2-1/2

[Event "EU-ch 7th"]
[Site "Kusadasi"]
[Date "2006.04.12"]
[Round "8"]
[White "Nyback, Tomi"]
[Black "Inarkiev, Ernesto"]
[Result "0-1"]
[WhiteElo "2562"]
[BlackElo "2597"]
[PlyCount "80"]
[EventDate "2006.04.04"]
[EventType "swiss"]
[EventRounds "11"]
[EventCountry "TUR"]
[Source "ChessBase"]
[SourceDate "2006.05.09"]

1. d4 Nf6 2. c4 g6 3. Nc3 Bg7 4. e4 d6 5. Nf3 O-O 6. Be2 e5 7. Be3 Ng4 8. Bg5
f6 9. Bh4 g5 10. Bg3 Nh6 11. d5 Nd7 12. Nd2 f5 13. f3 Nf6 14. h3 fxe4 15. Ndxe4
Nf5 16. Bf2 h6 17. g3 c5 18. h4 gxh4 19. g4 Nxe4 20. Nxe4 Ng3 21. Nxg3 hxg3 22.
Bxg3 b5 23. cxb5 a6 24. bxa6 Bxa6 25. Bxa6 Rxa6 26. Qe2 Qa8 27. a3 Ra4 28. Rd1
Qa5+ 29. Rd2 Rd4 30. Bf2 Rdf4 31. O-O Rxf3 32. Kg2 R3f4 33. Rdd1 Qa8 34. Kg3 e4
35. Kg2 R8f6 36. b4 Rg6 37. bxc5 Qxa3 38. Rh1 Rgxg4+ 39. Kf1 e3 40. Rh3 Rxf2+
0-1

[Event "Foxwoods op playoff"]
[Site "Ledyards"]
[Date "2006.04.16"]
[Round "1"]
[White "Van Wely, Loek"]
[Black "Smirin, Ilia"]
[Result "1-0"]
[WhiteElo "2647"]
[BlackElo "2662"]
[PlyCount "125"]
[EventDate "2006.04.16"]
[EventType "match (blitz)"]
[EventRounds "1"]
[EventCountry "USA"]
[Source "ChessBase"]
[SourceDate "2006.05.09"]

1. d4 Nf6 2. c4 g6 3. Nc3 Bg7 4. e4 d6 5. Nf3 O-O 6. Be2 e5 7. O-O Nbd7 8. Qc2
c6 9. d5 c5 10. g3 h6 11. Nh4 Nh7 12. Bd2 Ng5 13. Kh1 Nf6 14. Rae1 Bh3 15. Rg1
Ng4 16. Nd1 Nf6 17. f3 Bd7 18. Qc1 Nh5 19. Nf2 Kh7 20. Qc2 a6 21. b3 b5 22. Ng2
bxc4 23. bxc4 f5 24. Nh4 f4 25. Rb1 fxg3 26. hxg3 Nh3 27. Nxh3 Bxh3 28. Kh2 Bc8
29. Rh1 Ra7 30. Kg2 Nf6 31. Qc1 Ng8 32. Rb8 Qc7 33. Rb3 Qd8 34. Kf2 Nf6 35. Ke1
Nh5 36. Kf2 Nf6 37. Kg2 Qe7 38. Rb6 Qd8 39. Rb3 Raf7 40. Be3 Ng8 41. Kf2 Nf6
42. Kg2 Ng8 43. Bd2 Qc7 44. Qc3 Qd8 45. Qa5 Qe7 46. Rb6 Nf6 47. Be3 Nh5 48. Qd2
Nf6 49. Bxh6 Nxe4 50. Bxg7 Kxg7 51. fxe4 Rf2+ 52. Kg1 Qf6 53. Nf5+ Bxf5 54.
Qh6+ Kf7 55. Kxf2 Bxe4+ 56. Ke1 Bxh1 57. Qxh1 Kg8 58. Qe4 Qg5 59. Kd1 Qxg3 60.
Rxd6 Kh7 61. Re6 Rb8 62. Qxe5 Rb1+ 63. Kc2 1-0

[Event "RUS-chT 13th"]
[Site "Sochi"]
[Date "2006.04.22"]
[Round "3"]
[White "Vitiugov, Nikita"]
[Black "Inarkiev, Ernesto"]
[Result "1/2-1/2"]
[WhiteElo "2550"]
[BlackElo "2602"]
[PlyCount "81"]
[EventDate "2006.04.20"]
[EventType "team"]
[EventRounds "11"]
[EventCountry "RUS"]
[Source "ChessBase"]
[SourceDate "2006.05.09"]

1. d4 Nf6 2. c4 g6 3. Nc3 Bg7 4. e4 d6 5. Nf3 O-O 6. Be2 e5 7. O-O Nc6 8. d5
Ne7 9. Nd2 c6 10. Rb1 b5 11. dxc6 b4 12. Nd5 Nxc6 13. Nxf6+ Qxf6 14. b3 Bb7 15.
Re1 Qe7 16. Nf1 f5 17. exf5 gxf5 18. Ne3 Nd4 19. Bf1 e4 20. Nd5 Bxd5 21. cxd5
Be5 22. Be3 Qg7 23. Kh1 Rae8 24. Rc1 a5 25. Rc4 Nb5 26. f4 exf3 27. Qxf3 Nc3
28. Rh4 Bf6 29. Rh5 Qg4 30. Rxf5 Qxf3 31. Rxf3 Bg5 32. Bf2 Rxe1 33. Rxf8+ Kxf8
34. Bxe1 Nxd5 35. Bd3 h6 36. g3 Ke7 37. Kg2 Nc3 38. Bxc3 bxc3 39. Kf3 d5 40. h4
Bc1 41. g4 1/2-1/2

[Event "RUS-chT 13th"]
[Site "Sochi"]
[Date "2006.04.25"]
[Round "6"]
[White "Gelfand, Boris"]
[Black "Radjabov, Teimour"]
[Result "1/2-1/2"]
[WhiteElo "2727"]
[BlackElo "2717"]
[PlyCount "39"]
[EventDate "2006.04.20"]
[EventType "team"]
[EventRounds "11"]
[EventCountry "RUS"]
[Source "ChessBase"]
[SourceDate "2006.05.09"]

1. d4 Nf6 2. c4 g6 3. Nc3 Bg7 4. e4 d6 5. Nf3 O-O 6. Be2 e5 7. Be3 Ng4 8. Bg5
f6 9. Bh4 g5 10. Bg3 Nh6 11. d5 Nd7 12. Nd2 f5 13. exf5 Nf6 14. Nde4 Nxe4 15.
Nxe4 Bxf5 16. Bd3 g4 17. Qe2 Kh8 18. O-O Bd7 19. f3 Qe7 20. fxg4 1/2-1/2

[Event "Moscow Aeroflot op-A"]
[Site "Moscow"]
[Date "2006.02.08"]
[Round "1"]
[White "Shariyazdanov, Andrey"]
[Black "Bologan, Viktor"]
[Result "1/2-1/2"]
[WhiteElo "2583"]
[BlackElo "2661"]
[PlyCount "52"]
[EventDate "2006.02.08"]
[EventType "swiss"]
[EventRounds "9"]
[EventCountry "RUS"]
[Source "ChessBase"]
[SourceDate "2006.06.07"]

1. d4 Nf6 2. c4 g6 3. Nc3 Bg7 4. e4 d6 5. Be2 O-O 6. Nf3 e5 7. O-O exd4 8. Nxd4
Re8 9. f3 Nc6 10. Be3 Nh5 11. Qd2 Nf4 12. Nxc6 Nxe2+ 13. Nxe2 bxc6 14. Bd4 f6
15. Rad1 Ba6 16. b3 d5 17. Qa5 Qc8 18. Qc3 c5 19. Bxc5 dxe4 20. fxe4 Rxe4 21.
Qd3 Bb7 22. Nc3 Re5 23. Nd5 Bxd5 24. cxd5 Qd7 25. Qc4 Qf7 26. Bf2 f5 1/2-1/2

[Event "Moscow Aeroflot op-A"]
[Site "Moscow"]
[Date "2006.02.10"]
[Round "3"]
[White "Bu Xiangzhi"]
[Black "Dyachkov, Sergej"]
[Result "0-1"]
[WhiteElo "2645"]
[BlackElo "2554"]
[PlyCount "86"]
[EventDate "2006.02.08"]
[EventType "swiss"]
[EventRounds "9"]
[EventCountry "RUS"]
[Source "ChessBase"]
[SourceDate "2006.06.07"]

1. Nf3 Nf6 2. c4 g6 3. Nc3 Bg7 4. e4 d6 5. d4 O-O 6. Be2 e5 7. O-O Nc6 8. dxe5
dxe5 9. Bg5 Qxd1 10. Raxd1 Bg4 11. Rfe1 h6 12. Be3 Rfd8 13. Nd5 Nxe4 14. h3 Bd7
15. b4 Nf6 16. Nxc7 Rac8 17. Nb5 e4 18. Nfd4 Nxb4 19. Nd6 Rb8 20. Rb1 Nd3 21.
Bxd3 exd3 22. Nxb7 Rdc8 23. Nd6 Rxb1 24. Rxb1 Rc7 25. Rb8+ Kh7 26. g4 Ba4 27.
Nb3 Rd7 28. Bf4 g5 29. Bg3 h5 30. Rb4 Bc6 31. Kf1 hxg4 32. hxg4 Nxg4 33. c5 Ne5
34. Nd4 Bd5 35. N4f5 Nc6 36. Rb1 Bxa2 37. Rd1 Bb3 38. Rb1 d2 39. Ne3 Nd4 40.
Nd1 Bc4+ 41. Kg1 Bd3 42. Rb8 Bc2 43. Ne3 d1=Q+ 0-1

[Event "Moscow Aeroflot op-A"]
[Site "Moscow"]
[Date "2006.02.10"]
[Round "3"]
[White "Yakovich, Yuri"]
[Black "Jobava, Baadur"]
[Result "0-1"]
[WhiteElo "2551"]
[BlackElo "2614"]
[PlyCount "66"]
[EventDate "2006.02.08"]
[EventType "swiss"]
[EventRounds "9"]
[EventCountry "RUS"]
[Source "ChessBase"]
[SourceDate "2006.06.07"]

1. d4 Nf6 2. c4 g6 3. Nc3 Bg7 4. e4 d6 5. Be2 O-O 6. Nf3 e5 7. O-O Na6 8. Be3
c6 9. dxe5 dxe5 10. Qxd8 Rxd8 11. Rfd1 Re8 12. h3 Bf8 13. Nd2 Nc5 14. f3 a5 15.
Nb3 Nfd7 16. Kf2 a4 17. Nxc5 Nxc5 18. Rab1 Ne6 19. b4 axb3 20. axb3 Nd4 21. Na4
Be6 22. Bxd4 exd4 23. f4 Reb8 24. Bg4 b5 25. cxb5 Bxg4 26. hxg4 cxb5 27. Nb2
Rc8 28. Nd3 Ra2+ 29. Kf3 Rcc2 30. g3 Bb4 31. e5 Re2 32. g5 Re3+ 33. Kg4 Rg2 0-1

[Event "Moscow Aeroflot op-A"]
[Site "Moscow"]
[Date "2006.02.12"]
[Round "5"]
[White "Sandipan, Chanda"]
[Black "Fedorov, Alexei"]
[Result "1/2-1/2"]
[WhiteElo "2522"]
[BlackElo "2608"]
[PlyCount "58"]
[EventDate "2006.02.08"]
[EventType "swiss"]
[EventRounds "9"]
[EventCountry "RUS"]
[Source "ChessBase"]
[SourceDate "2006.06.07"]

1. d4 Nf6 2. c4 g6 3. Nc3 Bg7 4. e4 d6 5. Nf3 O-O 6. Be2 e5 7. Be3 Ng4 8. Bg5
f6 9. Bc1 Kh8 10. h3 exd4 11. Nxd4 Ne5 12. Be3 Nbc6 13. O-O Nxd4 14. Bxd4 Nc6
15. Be3 f5 16. Qd2 fxe4 17. Nxe4 Bf5 18. Ng3 Be6 19. Rad1 a5 20. Bh6 Bxh6 21.
Qxh6 Qf6 22. Qd2 Qf4 23. b3 Qxd2 24. Rxd2 a4 25. Re1 Bg8 26. Bd1 axb3 27. axb3
Rfe8 28. Rxe8 Rxe8 29. Ne2 Nb4 1/2-1/2

[Event "SCG-ch 2nd"]
[Site "Pancevo"]
[Date "2006.03.01"]
[Round "3"]
[White "Damljanovic, Branko"]
[Black "Djukic, Nikola"]
[Result "1/2-1/2"]
[WhiteElo "2615"]
[BlackElo "2523"]
[PlyCount "140"]
[EventDate "2006.02.27"]
[EventType "tourn"]
[EventRounds "13"]
[EventCountry "YUG"]
[EventCategory "11"]
[Source "ChessBase"]
[SourceDate "2006.06.07"]

1. d4 Nf6 2. c4 g6 3. Nc3 Bg7 4. e4 d6 5. Nf3 O-O 6. Be2 e5 7. Be3 Ng4 8. Bg5
f6 9. Bc1 exd4 10. Nxd4 f5 11. h3 Nh6 12. exf5 Nxf5 13. Nxf5 Bxf5 14. Be3 Nc6
15. Qd2 Qf6 16. Rd1 a5 17. O-O Kh8 18. Nd5 Qf7 19. Bh6 Rae8 20. Bxg7+ Qxg7 21.
Rfe1 Re4 22. Nc3 Rd4 23. Qe3 Bd7 24. Rxd4 Nxd4 25. Bd3 Bf5 26. Bxf5 gxf5 27.
Qf4 Nc6 28. Re3 Ne5 29. Ne2 b6 30. b3 Qf6 31. g3 c5 32. Nc3 Ng6 33. Qh6 f4 34.
gxf4 Nxf4 35. Qxf6+ Rxf6 36. Kh2 Kg7 37. Rg3+ Kh6 38. Rf3 d5 39. cxd5 Nxd5 40.
Rxf6+ Nxf6 41. Kg3 Kg5 42. a4 Kf5 43. Kf3 Ke5 44. Ke3 Nh5 45. Ne2 Ng7 46. f4+
Kd5 47. Nc3+ Ke6 48. Ne4 h6 49. Nd2 Kf5 50. Nc4 Nh5 51. Kf3 Nxf4 52. Ne3+ Ke5
53. Ng4+ Kf5 54. Nxh6+ Ke5 55. Nf7+ Kf5 56. Nd6+ Ke5 57. Nc4+ Kf5 58. h4 Ne6
59. Ne3+ Ke5 60. Kg4 Kd4 61. Kf5 Nf8 62. Nc4 Kc3 63. Nxb6 Kxb3 64. h5 c4 65.
Nxc4 Kxc4 66. h6 Kb4 67. Kf6 Kxa4 68. Kg7 Ne6+ 69. Kf7 Ng5+ 70. Kg6 Ne6 1/2-1/2

[Event "SCG-ch 2nd"]
[Site "Pancevo"]
[Date "2006.03.06"]
[Round "8"]
[White "Antic, Dejan"]
[Black "Damljanovic, Branko"]
[Result "0-1"]
[WhiteElo "2505"]
[BlackElo "2615"]
[PlyCount "98"]
[EventDate "2006.02.27"]
[EventType "tourn"]
[EventRounds "13"]
[EventCountry "YUG"]
[EventCategory "11"]
[Source "ChessBase"]
[SourceDate "2006.06.07"]

1. d4 Nf6 2. c4 g6 3. Nc3 Bg7 4. e4 d6 5. Nf3 O-O 6. Be2 e5 7. O-O Na6 8. Be3
c6 9. d5 Ng4 10. Bg5 f6 11. Bh4 c5 12. Ne1 Nh6 13. a3 Qe7 14. f3 Nf7 15. Nd3
Bh6 16. b4 Bd7 17. Kh1 Be3 18. Rb1 b6 19. Qe1 g5 20. Bg3 Rac8 21. Nb5 cxb4 22.
axb4 Bxb5 23. cxb5 Nc7 24. Nb2 Bd4 25. Bd3 f5 26. Qe2 f4 27. Bf2 Bxf2 28. Qxf2
Qd7 29. Qe2 Ne8 30. Rfc1 Rxc1+ 31. Rxc1 Nf6 32. Nd1 g4 33. Qc2 Ng5 34. Be2 Qg7
35. Qd3 Qh6 36. Bf1 Qh5 37. Rc3 Kh8 38. Qe2 Qh4 39. Qf2 g3 40. Qg1 Nfxe4 41.
fxe4 Nxe4 42. Rf3 Nd2 43. h3 Nxf3 44. gxf3 Rc8 45. Qg2 Qh5 46. Qe2 Rc1 47. Kg1
Qg6 48. Qd2 Qc2 49. Qxc2 Rxc2 0-1

[Event "RUS-ch U20"]
[Site "Cheboksary"]
[Date "2006.03.05"]
[Round "4"]
[White "Vitiugov, Nikita"]
[Black "Khairullin, Ildar"]
[Result "1/2-1/2"]
[WhiteElo "2573"]
[BlackElo "2533"]
[PlyCount "49"]
[EventDate "2006.03.02"]
[EventType "tourn"]
[EventRounds "11"]
[EventCountry "RUS"]
[EventCategory "11"]
[Source "ChessBase"]
[SourceDate "2006.06.07"]

1. d4 Nf6 2. Nf3 g6 3. c4 Bg7 4. Nc3 O-O 5. e4 d6 6. Be2 e5 7. O-O exd4 8. Nxd4
Re8 9. f3 Nc6 10. Be3 Nh5 11. Qd2 Nf4 12. Rfd1 Nxd4 13. Bxd4 Bxd4+ 14. Qxd4
Nxe2+ 15. Nxe2 b6 16. Nc3 Bb7 17. Nd5 Bxd5 18. cxd5 Qg5 19. Rac1 Re7 20. Qd2
Qh4 21. Qf2 Qh5 22. Rc4 f5 23. exf5 Qxf5 24. Qc2 Qf7 25. Re4 1/2-1/2

[Event "Las Vegas National op"]
[Site "Las Vegas"]
[Date "2006.06.17"]
[Round "3"]
[White "Gurevich, Dmitry"]
[Black "Ehlvest, Jaan"]
[Result "1/2-1/2"]
[WhiteElo "2503"]
[BlackElo "2607"]
[PlyCount "33"]
[EventDate "2006.06.16"]
[EventType "swiss"]
[EventRounds "6"]
[EventCountry "USA"]
[Source "ChessBase"]
[SourceDate "2006.07.14"]

1. d4 Nf6 2. c4 g6 3. Nc3 Bg7 4. e4 d6 5. Nf3 O-O 6. Be2 e5 7. O-O Na6 8. Re1
c6 9. Bf1 Bg4 10. d5 Ne8 11. a3 c5 12. Rb1 b6 13. Be2 Bd7 14. Bg5 Bf6 15. Bh6
Bg7 16. Bg5 Bf6 17. Bh6 1/2-1/2

[Event "Hamburg-ch int"]
[Site "Hamburg"]
[Date "2006.06.11"]
[Round "9"]
[White "Rogozenko, Dorian"]
[Black "Lanka, Zigurds"]
[Result "1/2-1/2"]
[WhiteElo "2532"]
[BlackElo "2510"]
[PlyCount "43"]
[EventDate "2006.06.03"]
[EventType "swiss"]
[EventRounds "9"]
[EventCountry "GER"]
[Source "ChessBase"]
[SourceDate "2006.07.14"]

1. d4 Nf6 2. c4 g6 3. Nc3 Bg7 4. e4 d6 5. Be2 O-O 6. Nf3 e5 7. O-O Nc6 8. d5
Ne7 9. b4 a5 10. Ba3 b6 11. bxa5 Nh5 12. g3 f5 13. Ng5 Nf6 14. Bb4 bxa5 15. Ba3
fxe4 16. Ngxe4 Nf5 17. c5 Nxe4 18. Nxe4 Rf7 19. Bf3 Bf8 20. Bg2 Be7 21. Qd2 Nd4
22. f4 1/2-1/2

[Event "St Petersburg-ch"]
[Site "St Petersburg"]
[Date "2006.06.03"]
[Round "1"]
[White "Yevseev, Denis"]
[Black "Loginov, Valery A"]
[Result "1/2-1/2"]
[WhiteElo "2580"]
[BlackElo "2510"]
[PlyCount "101"]
[EventDate "2006.06.03"]
[EventType "tourn"]
[EventRounds "11"]
[EventCountry "RUS"]
[EventCategory "11"]
[Source "ChessBase"]
[SourceDate "2006.07.14"]

1. d4 Nf6 2. c4 g6 3. Nc3 Bg7 4. e4 d6 5. Nf3 O-O 6. Be2 e5 7. Be3 Na6 8. O-O
h6 9. Ne1 Nh7 10. Nc2 f5 11. exf5 Bxf5 12. dxe5 dxe5 13. Na3 Qxd1 14. Rfxd1 Nf6
15. Nd5 c6 16. Ne7+ Kh7 17. Nxf5 gxf5 18. f3 Rf7 19. Nc2 Bf8 20. Bd3 e4 21.
fxe4 fxe4 22. Be2 Bc5 23. Rd2 Nd7 24. Bxc5 Naxc5 25. b4 Na4 26. Bh5 Rg7 27. Rf1
Ne5 28. Ne3 a5 29. a3 axb4 30. axb4 Nc3 31. h4 Rg3 32. Rf5 Nd3 33. Ng4 Kh8 34.
Kh2 e3 35. Rxd3 e2 36. Rxg3 e1=Q 37. Nxh6 Ne4 38. Nf7+ Kh7 39. Ng5+ Nxg5 40.
Rfxg5 Ra1 41. Bg6+ Kg7 42. Bd3+ Kf6 43. Rf5+ Ke7 44. Rf1 Qe5 45. Rxa1 Qxa1 46.
Rf3 Qe1 47. g3 Qxb4 48. Kh3 b5 49. cxb5 cxb5 50. h5 Qe1 51. Bxb5 1/2-1/2

[Event "All China Games 3rd"]
[Site "Suzhou"]
[Date "2006.05.24"]
[Round "8"]
[White "Liang Chong"]
[Black "Li Shilong"]
[Result "1/2-1/2"]
[WhiteElo "2514"]
[BlackElo "2539"]
[PlyCount "95"]
[EventDate "2006.05.20"]
[EventType "swiss"]
[EventRounds "11"]
[EventCountry "CHN"]
[Source "ChessBase"]
[SourceDate "2006.07.14"]

1. d4 Nf6 2. c4 g6 3. Nc3 Bg7 4. e4 d6 5. Nf3 O-O 6. Be2 e5 7. d5 a5 8. Bg5 Na6
9. Nd2 Bd7 10. O-O h6 11. Be3 h5 12. f3 Nh7 13. a3 Bf6 14. Kh1 Bg5 15. Bg1 Nc5
16. Rb1 a4 17. b4 axb3 18. Nxb3 Rxa3 19. Nxc5 dxc5 20. Qc2 b6 21. Qb2 Ra6 22.
Rfd1 Be7 23. Nb5 Bd6 24. f4 f6 25. Nxd6 cxd6 26. Be3 Qe7 27. Ra1 Rfa8 28. Bd3
Nf8 29. Rxa6 Rxa6 30. Rf1 exf4 31. Bxf4 Be8 32. h3 Nd7 33. Ra1 Rxa1+ 34. Qxa1
Ne5 35. Bf1 g5 36. Bd2 Bg6 37. Qb1 h4 38. Bc3 Kg7 39. Be2 Qa7 40. Bxe5 fxe5 41.
Bf3 Qa6 42. Kh2 Qa5 43. Qb3 Kf6 44. Qb1 Qb4 45. Qa2 Qa5 46. Qb1 Kg7 47. Qc1 Kf6
48. Qb1 1/2-1/2

[Event "Evpatoria tt U20"]
[Site "Evpatoria"]
[Date "2006.05.05"]
[Round "2"]
[White "Kuzubov, Yuriy"]
[Black "Areshchenko, Alexander"]
[Result "1/2-1/2"]
[WhiteElo "2548"]
[BlackElo "2660"]
[PlyCount "22"]
[EventDate "2006.05.05"]
[EventType "team"]
[EventRounds "7"]
[EventCountry "UKR"]
[Source "ChessBase"]
[SourceDate "2006.07.14"]

1. d4 Nf6 2. c4 g6 3. Nc3 Bg7 4. e4 d6 5. Be2 O-O 6. Nf3 e5 7. O-O Na6 8. Re1
c6 9. Bf1 exd4 10. Nxd4 Ng4 11. h3 Qb6 1/2-1/2

[Event "Foros Aerosvit"]
[Site "Foros"]
[Date "2006.06.18"]
[Round "2"]
[White "Ponomariov, Ruslan"]
[Black "Bologan, Viktor"]
[Result "1/2-1/2"]
[WhiteElo "2738"]
[BlackElo "2666"]
[PlyCount "156"]
[EventDate "2006.06.17"]
[EventType "tourn"]
[EventRounds "11"]
[EventCountry "UKR"]
[EventCategory "18"]
[Source "ChessBase"]
[SourceDate "2006.07.31"]

1. d4 Nf6 2. c4 g6 3. Nc3 Bg7 4. e4 d6 5. Nf3 O-O 6. Be2 e5 7. O-O Nc6 8. d5
Ne7 9. b4 Nh5 10. Re1 a5 11. bxa5 Rxa5 12. Nd2 Nf4 13. Bf1 Ra8 14. c5 dxc5 15.
Nc4 Bd7 16. Rb1 b6 17. a4 Nc8 18. a5 bxa5 19. Be3 Nd6 20. Bxc5 Nxc4 21. Bxc4
Re8 22. g3 Nh3+ 23. Kg2 h5 24. Bb5 Ng5 25. h4 Bh3+ 26. Kh2 Bg4 27. Be2 Bxe2 28.
Qxe2 Nh7 29. Rb7 Qc8 30. Reb1 Nf6 31. Kg2 Nd7 32. Qb5 Nxc5 33. Qxc5 Bf8 34. Qc6
Re7 35. Nb5 Qd8 36. Na7 Qd7 37. Qc4 Qd6 38. Nc6 Ree8 39. Ra1 Qc5 40. Qb3 a4 41.
Rxa4 Rxa4 42. Qxa4 Bd6 43. Qb3 Ra8 44. Rb8+ Rxb8 45. Qxb8+ Kg7 46. Qb3 Qb6 47.
Qc2 Qb5 48. f3 Qa6 49. g4 hxg4 50. fxg4 Qa1 51. Qf2 Qd1 52. Qf3 Qxf3+ 53. Kxf3
Kh6 54. Nd8 Kg7 55. h5 f6 56. Ne6+ Kh6 57. hxg6 Kxg6 58. Ke2 Kf7 59. Kd3 Ke7
60. Ng7 Kd7 61. Kc4 c6 62. Nf5 Bf8 63. Ne3 Bh6 64. dxc6+ Kxc6 65. Nd5 Bg5 66.
Nb4+ Kd6 67. Kb5 Bh4 68. Nd5 Bg5 69. Nb6 Bh4 70. Nc4+ Ke6 71. Kc6 Kf7 72. Nd2
Kg6 73. Nf3 Bg3 74. Kd7 Bf2 75. Ke6 Bg3 76. Kd5 Bf4 77. Ke6 Bg3 78. Kd5 Bf4
1/2-1/2

[Event "NED-ch"]
[Site "Hilversum"]
[Date "2006.06.20"]
[Round "4"]
[White "Van Wely, Loek"]
[Black "Nijboer, Friso"]
[Result "1/2-1/2"]
[WhiteElo "2655"]
[BlackElo "2584"]
[PlyCount "48"]
[EventDate "2006.06.17"]
[EventType "tourn"]
[EventRounds "11"]
[EventCountry "NED"]
[EventCategory "13"]
[Source "ChessBase"]
[SourceDate "2006.07.31"]

1. d4 Nf6 2. c4 g6 3. Nc3 Bg7 4. e4 d6 5. Nf3 O-O 6. Be2 e5 7. O-O Nc6 8. d5
Ne7 9. b4 Nh5 10. Re1 f5 11. Ng5 Nf6 12. f3 c6 13. Kh1 h6 14. Ne6 Bxe6 15. dxe6
Ne8 16. Qb3 Nc7 17. c5 d5 18. exd5 cxd5 19. Bb2 b6 20. c6 Kh7 21. Rad1 Nxc6 22.
Nxd5 Nxe6 23. Nxb6 Qxb6 24. Qxe6 Rfe8 1/2-1/2

[Event "ESP-chT 1st div South"]
[Site "Santa Cruz de Tenerife"]
[Date "2006.08.26"]
[Round "5"]
[White "Gurevich, Mikhail"]
[Black "Matamoros Franco, Carlos S"]
[Result "1-0"]
[WhiteElo "2643"]
[BlackElo "2544"]
[PlyCount "61"]
[EventDate "2006.08.23"]
[EventType "team"]
[EventRounds "5"]
[EventCountry "ESP"]
[Source "ChessBase"]
[SourceDate "2006.09.14"]
[WhiteTeam "C.A. CAJA INSULAR DE AHORROS"]
[BlackTeam "CLUB AJEDREZ LAURUS RONDA CANARIAS"]

1. d4 Nf6 2. c4 g6 3. Nc3 Bg7 4. e4 d6 5. Nf3 O-O 6. Be2 e5 7. O-O Nc6 8. d5
Ne7 9. Nd2 Ne8 10. b4 f5 11. c5 Kh8 12. Qc2 fxe4 13. Ndxe4 dxc5 14. bxc5 Nxd5
15. Bg5 Ndf6 16. Rad1 Qe7 17. Qb3 c6 18. Nd6 Rb8 19. Nxc8 Rxc8 20. Ne4 h6 21.
Qh3 Rc7 22. Bxh6 Bxh6 23. Qxh6+ Nh7 24. Qxg6 Nef6 25. Nxf6 Rxf6 26. Qc2 Ng5 27.
Rd3 Rf4 28. Rfd1 Ne6 29. Rh3+ Rh4 30. Rxh4+ Qxh4 31. Qf5 1-0

[Event "Rubinstein mem"]
[Site "Polanica Zdroj"]
[Date "2006.08.22"]
[Round "3"]
[White "Belov, Vladimir"]
[Black "Socko, Bartosz"]
[Result "1/2-1/2"]
[WhiteElo "2598"]
[BlackElo "2621"]
[PlyCount "45"]
[EventDate "2006.08.20"]
[EventType "tourn"]
[EventRounds "9"]
[EventCountry "POL"]
[EventCategory "13"]
[Source "ChessBase"]
[SourceDate "2006.09.14"]

1. d4 Nf6 2. c4 g6 3. Nc3 Bg7 4. e4 d6 5. Nf3 O-O 6. Be2 e5 7. O-O Nc6 8. d5
Ne7 9. Ne1 Nd7 10. f3 f5 11. g4 Kh8 12. Kh1 Ng8 13. Rg1 a5 14. Nd3 b6 15. Bd2
Ndf6 16. Rg2 Bd7 17. Qc2 c6 18. Rag1 fxg4 19. fxg4 Rc8 20. Nf2 b5 21. dxc6 Bxc6
22. cxb5 Ba8 23. g5 1/2-1/2

[Event "Rubinstein mem"]
[Site "Polanica Zdroj"]
[Date "2006.08.24"]
[Round "5"]
[White "Atalik, Suat"]
[Black "Socko, Bartosz"]
[Result "1/2-1/2"]
[WhiteElo "2619"]
[BlackElo "2621"]
[PlyCount "85"]
[EventDate "2006.08.20"]
[EventType "tourn"]
[EventRounds "9"]
[EventCountry "POL"]
[EventCategory "13"]
[Source "ChessBase"]
[SourceDate "2006.09.14"]

1. d4 Nf6 2. c4 g6 3. Nc3 Bg7 4. e4 d6 5. Nf3 O-O 6. Be2 e5 7. O-O Qe8 8. dxe5
dxe5 9. b4 Qe7 10. b5 c6 11. a4 Rd8 12. Qc2 Bg4 13. Ba3 Qe8 14. a5 Bxf3 15.
Bxf3 Bf8 16. Bb2 a6 17. bxc6 bxc6 18. Na4 c5 19. Nb6 Ra7 20. Nd5 Qe6 21. Rab1
Nc6 22. Bc3 Nd7 23. h3 h5 24. Qd3 Nd4 25. Bd1 Qc6 26. Rb2 Rb8 27. Rxb8 Nxb8 28.
Nb6 Qe6 29. Ba4 Rb7 30. Kh1 Nbc6 31. Bxc6 Qxc6 32. f4 exf4 33. Bxd4 cxd4 34.
Qxd4 Bc5 35. Qd5 Qc7 36. e5 Bxb6 37. axb6 Rxb6 38. Rxf4 Re6 39. Rf6 Rxe5 40.
Rxg6+ Kh7 41. Qd6 Qxd6 42. Rxd6 Rc5 43. Rxa6 1/2-1/2

[Event "Rubinstein mem"]
[Site "Polanica Zdroj"]
[Date "2006.08.26"]
[Round "7"]
[White "Atalik, Suat"]
[Black "Czarnota, Pawel"]
[Result "0-1"]
[WhiteElo "2619"]
[BlackElo "2547"]
[PlyCount "116"]
[EventDate "2006.08.20"]
[EventType "tourn"]
[EventRounds "9"]
[EventCountry "POL"]
[EventCategory "13"]
[Source "ChessBase"]
[SourceDate "2006.09.14"]

1. d4 Nf6 2. c4 g6 3. Nc3 Bg7 4. e4 d6 5. Nf3 O-O 6. Be2 e5 7. O-O Na6 8. Re1
Qe8 9. Bg5 exd4 10. Qxd4 Ng4 11. Qd2 Nc5 12. Bf1 Ne6 13. Bh4 Ne5 14. Be2 f5 15.
exf5 gxf5 16. Nd5 Ng6 17. Bd3 Rf7 18. Re2 c6 19. Rae1 Ne5 20. Nxe5 dxe5 21.
Rxe5 Bxe5 22. Rxe5 Qf8 23. Bxf5 cxd5 24. Bxe6 Bxe6 25. Rxe6 dxc4 26. Qe2 Rc8
27. Be7 Qg7 28. Bb4 Qg5 29. Re3 Qf5 30. h4 h6 31. Bc3 Rcf8 32. a4 Kh7 33. f3
Qd5 34. Be5 Qc6 35. h5 Qxa4 36. Bd6 Rg8 37. Re5 Qa1+ 38. Kh2 Qb1 39. Rd5 Rf5
40. Qxc4 Qxb2 41. Bg3 Qg7 42. Qc2 Qxg3+ 43. Kh1 Qxg2+ 44. Qxg2 Rxg2 45. Rxf5
Rg7 46. Rf8 a5 47. f4 a4 48. Kh2 b5 49. Ra8 Rg4 50. Ra5 Rh4+ 51. Kg3 Rxh5 52.
Kg4 Rc5 53. f5 Rc7 54. Kh5 Rb7 55. Ra6 b4 56. Rxh6+ Kg8 57. Ra6 b3 58. Kg6 Rb8
0-1